The Big Show's WrestleMania Opponents - Statistics

General Stats
  • This quiz has been taken 133 times
    123 since last reset
  • The average score is 15 of 23
Answer Stats
WrestleMania Opponent % Correct
WrestleMania XX John Cena
91%
WrestleMania 25 John Cena
91%
WrestleMania 2000 Triple H
89%
WrestleMania X-7 Kane
87%
WrestleMania 2000 The Rock
87%
WrestleMania XIX The Undertaker
87%
WrestleMania 29 Seth Rollins
80%
WrestleMania 29 Roman Reigns
78%
WrestleMania XV Mick Foley
77%
WrestleMania 2000 Mick Foley
77%
WrestleMania 29 Dean Ambrose
76%
WrestleMania 25 Edge
75%
WrestleMania XXIV Floyd Mayweather
63%
WrestleMania X-7 Raven
47%
WrestleMania 22 Carlito
45%
WrestleMania XXVI John Morrison
45%
WrestleMania XXVII Heath Slater
43%
WrestleMania XXVII Wade Barrett
42%
WrestleMania 21* Akebono
41%
WrestleMania 22 Chris Masters
41%
WrestleMania XXVII Ezekiel Jackson
40%
WrestleMania XXVI R-Truth
38%
WrestleMania XXVII Justin Gabriel
37%
No matching quizzes found
Score Distribution
Percent of People with Each Score
Percentile by Number Answered
Your Score History
You have not taken this quiz since the last reset